000 01634cam a22004574i 4500
003 PE-LiUPU
005 20250731184552.0
008 150616s r 000 0 d
035 _a(Sirsi) a3453
040 _aPE-LiUPU
_bspa
_cPE-LiUPU
_erda
049 _aPRUA
082 0 4 _a985.28
_bR84
_221
100 1 _aRosas Cuadros, Emilio E.,
_eautor.
245 1 3 _aLa provincia de Chancay en la colonia y emancipación (Chancay-Huaral).
264 1 _aLima :
_bEd. Gráf. Industrial,
_c1976.
300 _a274 páginas :
_bilustraciones mapas, láms. ;
_c24 cm.
336 _atext
_2rdacontent
337 _aunmediated
_2rdamedia
338 _avolume
_2rdacarrier
505 0 _aReseña histórica de los distritos de la provincia de Chancay -- La participación de la provincia de Chancay en la emancipación nacional -- Próceres de la provincia de Chancay.
526 _aP136
526 _aP135
526 _aP134
526 _aP133
526 _aP144
526 _aP143
526 _aP87
526 _aP35
526 _aP20
526 _aP14
526 _aP10
526 _aP06
650 0 4 _aCHANCAY - HISTORIA - VIRREYNATO.
910 _ajck
_bjvq
_cjck
942 _2ddc
_cBOOK
949 _a985.28 R84
_wDEWEY
_c1
_i16230
_lCCODEBUL1
_mBUL
_p00.00
_r0
_sY
_tBOOK
_u19781004
_xEDUCACION
_PP20
_0COMPRA
_o.STAFF. Colección General
994 _aC0
_bPEPRU
596 _a1
999 _a985.28 R84
_wDEWEY
_c42396
_i16230
_f2021-11-8
_g4
_lCCODEBUL1
_mBUL
_r0
_sY
_tBOOK
_u2015-6-16
_xBIBLIOTECA
_PP20
_0COMPRA
_o.STAFF. Colección General
_d42396
980 _81
_gALBERTO SANCHEZ Responsable de Automatización